[Event "POR-ch U18"]
[Site "Luso"]
[Date "2018.03.27"]
[Round "6"]
[White "Sa, Luis Afonso"]
[Black "Gomes, Tiago"]
[Result "1-0"]
[WhiteElo "1531"]
[BlackElo "1172"]
[PlyCount "107"]
[EventDate "2018.03.24"]
[EventType "swiss"]
[EventRounds "7"]
[EventCountry "POR"]
[SourceTitle "EXT 2019"]
[Source "ChessBase"]
[SourceDate "2018.10.10"]
[SourceVersion "1"]
[SourceVersionDate "2018.10.10"]
[SourceQuality "1"]

1. Nf3 Nc6 2. d4 d5 3. c4 e6 4. Nc3 Bb4 5. a3 Bxc3+ 6. bxc3 Nge7 7. e3 0-0 8. Bd3 b6 9. cxd5 exd5 10. Qc2 g6 11. 0-0 Qd7 12. Bb2 Na5 13. c4 dxc4 14. Bxc4 Nxc4 15. Qxc4 Qc6 16. Qxc6 Nxc6 17. Rac1 Bb7 18. d5 Nd8 19. Rxc7 Bxd5 20. Ne5 Ne6 21. Rd7 Bb3 22. Ng4 Rfd8 23. Nh6+ Kf8 24. Rxf7+ Ke8 25. Rxh7 Ng5 26. Rg7 Rd6 27. Be5 Re6 28. Rg8+ Kd7 29. Rxa8 Rxe5 30. f4 Rxe3 31. fxg5 Re2 32. Rxa7+ Kd6 33. Rf6+ Kd5 34. Rd7+ Kc4 35. Rc7+ Kb5 36. Rb7 Bd5 37. Rbxb6+ Kc4 38. Rf2 Re7 39. Rb4+ Kc5 40. Rc2+ Kd6 41. Rb6+ Ke5 42. Re2+ Be4 43. Rb4 Kd5 44. Rbxe4 Rxe4 45. Rxe4 Kxe4 46. Kf2 Kf4 47. a4 Kxg5 48. a5 Kxh6 49. a6 g5 50. a7 Kh5 51. a8Q Kg4 52. Qf3+ Kh4 53. h3 g4 54. Qxg4# 1-0

[Event "POR-ch U14"]
[Site "Luso"]
[Date "2014.07.23"]
[Round "1"]
[White "Travassos, Diogo MS Belmonte"]
[Black "Gomes, Tiago"]
[Result "1-0"]
[WhiteElo "1382"]
[BlackElo "1145"]
[PlyCount "57"]
[EventDate "2014.07.23"]
[EventType "swiss"]
[EventRounds "7"]
[EventCountry "POR"]
[SourceTitle "EXT 2015"]
[Source "ChessBase"]
[SourceDate "2014.11.20"]
[SourceVersion "1"]
[SourceVersionDate "2014.11.20"]
[SourceQuality "1"]

1. e4 e5 2. Nf3 Nc6 3. Bc4 Bc5 4. 0-0 Nf6 5. d4 exd4 6. e5 Ng8 7. Re1 h6 8. Qd3 Nge7 9. a3 a6 10. c3 0-0 11. cxd4 Ba7 12. d5 Na5 13. Ba2 d6 14. b4 Bf5 15. Qe2 Bxb1 16. Rxb1 dxe5 17. Qxe5 Re8 18. bxa5 Ng6 19. Qxe8+ Qxe8 20. Rxe8+ Rxe8 21. Rxb7 Nh4 22. Rxa7 Nxf3+ 23. gxf3 Re1+ 24. Kg2 Rxc1 25. Rxa6 Ra1 26. Bc4 Rxa3 27. Ra8+ Kh7 28. a6 g6 29. Ra7 1-0

[Event "Lisbon Check Mate op 1st"]
[Site "Lisbon"]
[Date "2013.08.10"]
[Round "1.25"]
[White "Cadeirinhas, David Eduardo Lour"]
[Black "Gomes, Tiago"]
[Result "1-0"]
[WhiteElo "1905"]
[BlackElo "1171"]
[PlyCount "65"]
[EventDate "2013.08.10"]
[EventType "swiss"]
[EventRounds "7"]
[EventCountry "POR"]
[SourceTitle "EXT 2015"]
[Source "ChessBase"]
[SourceDate "2014.11.20"]
[SourceVersion "1"]
[SourceVersionDate "2014.11.20"]
[SourceQuality "1"]

1. d4 d5 2. c4 dxc4 3. e3 Be6 4. Nc3 Nf6 5. Nf3 g6 6. Ne5 b5 7. Nxb5 Bg7 8. Nxc4 Bxc4 9. Bxc4 0-0 10. 0-0 Nd5 11. Bxd5 Qxd5 12. Nxc7 Qb7 13. Nxa8 Qxa8 14. b3 Nc6 15. Ba3 Qb7 16. Qf3 Qb5 17. Rac1 Nd8 18. Bxe7 Re8 19. Bxd8 Rxd8 20. Qc6 Qa5 21. Qc7 Qb6 22. Rc6 Qxc7 23. Rxc7 Bf6 24. Rfc1 Kf8 25. Rxa7 Ke8 26. Rcc7 h6 27. Rxf7 Rc8 28. g3 Rc2 29. Rxf6 Rc1+ 30. Kg2 Rc8 31. Rff7 Rb8 32. Rh7 Kf8 33. Rh8# 1-0

[Event "POR-ch U14"]
[Site "Braga"]
[Date "2013.08.02"]
[Round "1.16"]
[White "Gomes, Tiago"]
[Black "Soares, Joao Diogo Pedreiro"]
[Result "0-1"]
[WhiteElo "1171"]
[BlackElo "1483"]
[PlyCount "52"]
[EventDate "2013.08.02"]
[EventType "swiss"]
[EventRounds "7"]
[EventCountry "POR"]
[SourceTitle "EXT 2015"]
[Source "ChessBase"]
[SourceDate "2014.11.20"]
[SourceVersion "1"]
[SourceVersionDate "2014.11.20"]
[SourceQuality "1"]

1. e4 c5 2. Bc4 d6 3. Nc3 Nc6 4. d3 Nf6 5. Nf3 a6 6. 0-0 Bg4 7. h3 Bh5 8. Bg5 h6 9. g4 hxg5 10. Nxg5 Bg6 11. f4 Nh7 12. Nxh7 Bxh7 13. f5 Qc7 14. g5 g6 15. fxg6 Bxg6 16. Nd5 Qd7 17. Nb6 Qxh3 18. Qe2 Qh1+ 19. Kf2 Rh2+ 20. Ke1 Rxe2+ 21. Kxe2 Qg2+ 22. Rf2 Nd4+ 23. Ke1 Qg1+ 24. Rf1 Qe3+ 25. Kd1 Qe2+ 26. Kc1 Qxc2# 0-1